Geography General Knowledge - England - Statistics

General Stats
  • This quiz has been taken 288 times
  • The average score is 7 of 20
Answer Stats
Hint Answer % Correct
City home to the football clubs 'United' and 'Wednesday' Sheffield
91%
England's busiest passenger port Dover
71%
Name of the airport serving Liverpool Liverpool {John} {Lennon} Airport
71%
Southern city home to the "Royal Crescent "and "The Circus" Bath
56%
County containing the towns Kendal, Penrith and Workington Cumbria
56%
England's largest lake Lake {Windermere}
42%
City founded by the Romans under the name of 'Eboracum' York
39%
Surrey palace owned and in part resided in by King Henry VIII {Hampton} {Court} Palace
33%
Bay located northwest of East Anglia The Wash
29%
Town with a distinguishably crooked church spire Chesterfield
28%
City with "St. David's" and "Central" railway stations Exeter
28%
Largest settlement in Wiltshire Swindon
27%
Strait separating the Isle of Wight from mainland England The Solent
27%
Region containing the towns of Middlesborough, Darlington and Redcar {Tees} Valley
23%
City with cream coloured telephone boxes Kingston upon Hull
20%
Largest island in the Bristol channel, located north of Devon {Lundy} Island
17%
Easternmost settlement of England Lowestoft
14%
River that flows through Northampton and Peterborough River {Nene}
14%
England's newest (and 3rd largest) national park South Downs
11%
Highest point of the Peak District Kinder Scout
10%
No matching quizzes found
Score Distribution
Percent of People with Each Score
Percentile by Number Answered
Your Score History
You have not taken this quiz